| 000 | 00510cam a2200205ua 4500 | ||
|---|---|---|---|
| 041 |
_aeng _h |
||
| 082 |
_a658.314 _bHER/MO |
||
| 100 |
_aHerzberg, Frederick . _95930 |
||
| 245 |
_aMotivation to work / _cFredrick Herzberg. _hTextual Documents |
||
| 250 |
_a1 / _b. |
||
| 260 |
_aLondon : _bJohn Wiley & Sons , _c1959. |
||
| 300 | _a157 ; . | ||
| 504 | _a | ||
| 650 |
_aHuman Resource Mangement _95931 |
||
| 700 | 1 |
_aMausuer, Bernard . _95932 |
|
| 942 | _cBK | ||
| 999 |
_c25 _d25 |
||
| 003 | @ | ||
| 003 | OSt | ||